000 00467nam a2200181Ia 4500
005 20250326124021.0
008 250326s9999 xx 000 0 und d
037 _aTextbook
040 _aFMSL
_beng
_cFMSL
041 _aeng
_2eng
084 _aXok8:8 K2
_qFMSL
100 _aBarish N N
245 0 _aEconomic analysis
_cBarish N N
260 _aNY
_bNY, McGraw-Hill
_c1962
300 _a729p
942 _cTB
_hXok8:8 K2
999 _c1271912
_d1271912